Biblioteka Instytutu Północnego w Olsztynie

Culturzustände des deutschen Volkes : (Rekord nr 27751)

Szczegóły MARC
000 -Nagłówek
fixed length control field 01811cam a2200409 i 4500
001 - Nr kontrolny bibl., która utworzyła rek.
control field xx002599700
003 - Siglum bibl., której nr kontr. jest w 001
control field NUKAT
005 - Data i czas ostatniej operacji
control field 20260424144119.0
008 - Elementy pola stałej długości
fixed length control field 120917s1888 gw |001 0 ger c
035 ## - Systemowy numer kontrolny
systemowy numer kontrolny (OCoLC)812736725
035 ## - Systemowy numer kontrolny
systemowy numer kontrolny (NUKAT)xx002599700
040 ## - Instytucja sporządzająca opis
Instytucja, która sporządziła opis TOR U/GS
język katalgowania-trzyzn. kod pol
zasady opisu rda
Instytucja, która sporządziła rekord TOR U/GS
Instytucja, która zmodyfikowała rekord TOR U/GS
-- TOR U/JSzs
-- OLSZT 008/LL
099 ## - Dowolny opis lokalny sygnatury
symbol klasyfikacji hh_1039408
100 1# - Hasło główne-nazwa osobowa
Nazwa osobowa Janssen, Johannes
Daty biograficzne (1829-1891).
rodzaj współpracy Autor
9 (RLIN) 40327
245 10 - Tytuł właściwy i oznaczenie odpow.
tytuł Culturzustände des deutschen Volkes :
dodatek do tytułu seit dem Ausgabe des Mittelalters bis zum Beginn des dreissigjährigen Krieges : erstes und zweites Buch /
dod. inf. ze s. tyt./ozn. odpow. von Johannes Janssen.
250 ## - Oznaczenie wydania
oznaczenie wydania Erste bis zwölfte Auflage.
260 ## - Adres wydawniczy
miejsce wydania, dystrybucji itp. Freiburg im Breisgau :
nazwa wydawcy, dystrybutora itp. Herder'sche Verlagshandlung,
data wydania, dystrybucji itp. 1888.
300 ## - Opis fizyczny
objętość i/lub forma materiału XXXI, [1], 522 strony ;
format 23 cm.
336 ## - Content Type
Term Tekst
Code txt
Source rdacontent
337 ## - Media Type
Term Bez urządzenia pośredniczącego
Code n
Source rdamedia
338 ## - Carrier Type
Term Wolumin
Code nc
Source rdacarrier
380 ## - Form of work
Form of work Książki
380 ## - Form of work
Form of work Publikacje naukowe
490 1# - Tytuł serii i ks. wielotom.-nie do wysz.
oznaczenie serii Geschichte des deutschen Volkes seit dem Ausgang des Mittelalters / Johannes Janssen ;
numer woluminu Bd. 6
504 ## - Uwaga o bibliografii
uwaga o bibliografii Bibliografia na stronach XV-XXXI. Indeks.
530 ## - Uwaga o dod. formie fiz. materiału
uwaga o dodatkowej fizycznej formie dokumentu Dostępne również w formie elektronicznej.
650 #7 - Hasło przedmiotowe-nazwa pospolita
nazwa pospolita lub geogr. Reformacja
źródło hasła DBN
9 (RLIN) 35694
650 #7 - Hasło przedmiotowe-nazwa pospolita
nazwa pospolita lub geogr. Literatura niemiecka
określnik chronologiczny 1500-1700
określnik rzeczowy historia i krytyka.
źródło hasła kaba
9 (RLIN) 31711
650 #7 - Hasło przedmiotowe-nazwa pospolita
nazwa pospolita lub geogr. Reformacja
określnik geograficzny Niemcy.
źródło hasła kaba
9 (RLIN) 40485
651 #7 - Hasło przedmiotowe-nazwa geogr.
nazwa geograficzna Niemcy
źródło hasła DBN
9 (RLIN) 35243
651 #7 - Hasło przedmiotowe-nazwa geogr.
nazwa geograficzna Niemcy
określnik rzeczowy cywilizacja
określnik chronologiczny 1500-1800.
źródło hasła kaba
9 (RLIN) 40484
658 ## - Nazwa określająca cel programu nauczania
główny cel programu nauczania Religia i duchowość
710 2# - Hasło dodatkowe - nazwa ciała zbior.
nazwa ciała zbior. lub nazwa geogr. Herdersche Verlagsbuchhandlung.
rodzaj współpracy Wydawca
kod rodzaju współpracy pbl
9 (RLIN) 36009
800 1# - Hasło dod. op. ks. wielotom.-nazwa os.
nazwa osobowa Janssen, Johannes
daty biograficzne (1829-1891).
tytuł pracy Geschichte des deutschen Volkes seit dem Ausgang des Mittelalters
oznaczenie tomu Bd. 6
9 (RLIN) 40328
856 41 - Elektroniczne źródła danych i spos. dost.
URL (Uniform Resource Locator) <a href="https://www.digitale-sammlungen.de/de/view/bsb11608889?page=,1">https://www.digitale-sammlungen.de/de/view/bsb11608889?page=,1</a>
942 ## - ADDED ENTRY ELEMENTS (KOHA)
Source of classification or shelving scheme Dewey Decimal Classification
Koha item type pozycje dostępne na miejscu
Egzemplarze
Status wycofania Status zagubienia Klasyfikacja Status uszkodzenia Blokada wypożyczeń Kolekcja Lokalizacja macierzysta Lokalizacja bieżąca Data nabycia Numer akcesji Źródło akcesji Nr inwentarzowy il. wypożyczeń Sygnatura Kod kreskowy Date last seen Price effective from Typ egz.
    Dewey Decimal Classification nieuszkodzona   Pracownia Badań Księgozbiorów Historycznych Biblioteka Instytutu Północnego w Olsztynie Pracownia Badań Księgozbiorów Historycznych 24/04/2026 W-52/1965 wymiana 16310/6   16310/6 IPWK16654 24/04/2026 24/04/2026 pozycje dostępne na miejscu
Biblioteka Instytutu Północnego, ul. Partyzantów 87, 10-402 Olsztyn, email: biblioteka(at)ip.olsztyn.pl